Poľnobankou už aj oficiálne

Slovenská poľnohospodárska banka si od začiatku svojej činnosti v roku 1991 získala priaznivé meno. IV. riadne valné zhromaždenie akcionárov banky. Skrátenie obchodného mena na Poľnobanka. Správa o podnikateľskej činnosti a stave majetku SPB na rok 1993.

Guardado en:
Detalles Bibliográficos
Autor principal: Štefánek, Michal
Formato: Capítulo de libro
Lenguaje:eslovaco
Materias:
Etiquetas: Agregar Etiqueta
Sin Etiquetas, Sea el primero en etiquetar este registro!

MARC

LEADER 00000naa a2200000 4500
001 r014831
005 20221213113109.3
041 0 |a slo 
044 |a SK 
245 1 0 |a Poľnobankou už aj oficiálne  |c Michal Štefánek 
520 |a Slovenská poľnohospodárska banka si od začiatku svojej činnosti v roku 1991 získala priaznivé meno. IV. riadne valné zhromaždenie akcionárov banky. Skrátenie obchodného mena na Poľnobanka. Správa o podnikateľskej činnosti a stave majetku SPB na rok 1993. 
610 2 0 |a banky 
610 2 0 |a Slovenská poľnohospodárska banka, a.s. Bratislava 
610 2 0 |a Poľnobanka, a.s. Bratislava 
610 2 0 |a Slovensko 
100 1 |a Štefánek, Michal